| 000 | 00543nam a2200229Ia 4500 | ||
|---|---|---|---|
| 003 | IT-RoPAU | ||
| 008 | 120407s9999 xx 000 0 und d | ||
| 040 | _aIT-RoPAU | ||
| 040 | _cIT-RoPAU | ||
| 041 | _aesp | ||
| 100 | _aTheodorich Kampmann | ||
| 245 | _aConoscer para educar. Fundamentacion psicologica de la pedagogia. Infancia | ||
| 250 | _aBarcelona | ||
| 260 | _aHerder | ||
| 260 | _c1970 | ||
| 300 | _a258 p. | ||
| 300 | _c21,5 cm | ||
| 490 | _v1 | ||
| 600 | _a1. Pedagogia e psicologia | ||
| 942 | _cBK | ||
| 999 |
_c30673 _d30673 |
||